[Event "WchT Seniors 65"]
[Site "Hersonissos"]
[Date "2017.04.28"]
[Round "5.8"]
[White "Lindner, Jan Joost"]
[Black "Van Kemenade, Rudy"]
[Result "0-1"]
[WhiteElo "2106"]
[BlackElo "1914"]
[PlyCount "80"]
[EventDate "2017.04.24"]
[EventType "team-swiss"]
[EventRounds "9"]
[EventCountry "GRE"]
[SourceTitle "EXT 2018"]
[Source "ChessBase"]
[SourceDate "2017.10.13"]
[SourceVersion "1"]
[SourceVersionDate "2017.10.13"]
[SourceQuality "1"]
[WhiteTeam "Netherlands"]
[BlackTeam "Wales"]
[WhiteTeamCountry "NED"]
[BlackTeamCountry "WLS"]

1. f4 d5 2. Nf3 g6 3. e3 Bg7 4. Be2 Nf6 5. 0-0 0-0 6. d3 c5 7. Qe1 Nc6 8. Nc3 d4 9. Ne4 Nxe4 10. dxe4 dxe3 11. c3 e5 12. Bxe3 b6 13. Qg3 Qe7 14. f5 gxf5 15. Bh6 Qf6 16. Bg5 f4 17. Bxf6 fxg3 18. Bh4 gxh2+ 19. Nxh2 Be6 20. Nf3 f6 21. Be1 Bh6 22. Nh4 Ne7 23. a4 a5 24. b4 cxb4 25. cxb4 Be3+ 26. Kh1 Bd4 27. Rb1 f5 28. bxa5 bxa5 29. Rb7 Bc5 30. Bc3 fxe4 31. Rd1 Nc6 32. Bb5 Nd4 33. Bd7 Bd5 34. Rb2 Rf4 35. Be1 Ra7 36. Bb5 Rg7 37. Kh2 Bb4 38. Bg3 Rfg4 39. Bxe5 Rxh4+ 40. Kg1 Nf3+ 0-1

[Event "EU-chT Seniors"]
[Site "Vienna"]
[Date "2015.07.16"]
[Round "5.8"]
[White "Hohler, Peter"]
[Black "Lindner, Jan Joost"]
[Result "1/2-1/2"]
[WhiteElo "2141"]
[BlackElo "2078"]
[PlyCount "30"]
[EventDate "2015.07.12"]
[EventType "team-swiss"]
[EventRounds "9"]
[EventCountry "AUT"]
[SourceTitle "EXT 2018"]
[Source "ChessBase"]
[SourceDate "2017.10.13"]
[SourceVersion "1"]
[SourceVersionDate "2017.10.13"]
[SourceQuality "1"]
[WhiteTeam "Switzerland"]
[BlackTeam "Oranje"]
[WhiteTeamCountry "SUI"]
[BlackTeamCountry "NED"]

1. d4 e6 2. c4 Bb4+ 3. Bd2 Qe7 4. e4 d5 5. e5 dxc4 6. Bxc4 Bd7 7. Nf3 Nc6 8. 0-0 Bxd2 9. Qxd2 Qb4 10. Qc2 Nge7 11. Rd1 Qb6 12. Nc3 Nb4 13. Qe2 Bc6 14. a3 Nbd5 15. Ne4 h6 1/2-1/2

[Event "EU-chT Seniors"]
[Site "Vienna"]
[Date "2015.07.15"]
[Round "4.12"]
[White "Lindner, Jan Joost"]
[Black "Muratoglu, Salih"]
[Result "1-0"]
[WhiteElo "2078"]
[BlackElo "2024"]
[PlyCount "100"]
[EventDate "2015.07.12"]
[EventType "team-swiss"]
[EventRounds "9"]
[EventCountry "AUT"]
[SourceTitle "EXT 2018"]
[Source "ChessBase"]
[SourceDate "2017.10.13"]
[SourceVersion "1"]
[SourceVersionDate "2017.10.13"]
[SourceQuality "1"]
[WhiteTeam "Oranje"]
[BlackTeam "Turkey"]
[WhiteTeamCountry "NED"]
[BlackTeamCountry "TUR"]

1. f4 d6 2. Nf3 Nc6 3. e4 e5 4. d3 Bg4 5. Be2 exf4 6. Bxf4 Nf6 7. c4 Be7 8. 0-0 0-0 9. Nbd2 Nd7 10. d4 Bf6 11. Nb3 Re8 12. d5 Nb4 13. Nfd4 Bxe2 14. Qxe2 Qe7 15. Rae1 Bxd4+ 16. Nxd4 Nc5 17. Nf5 Qf8 18. Qg4 Nbd3 19. Re3 Rxe4 20. Rxe4 Nxe4 21. Bh6 Ne5 22. Qxe4 gxh6 23. Qh4 f6 24. Nxh6+ Kg7 25. Nf5+ Kh8 26. Nd4 Qg7 27. Ne6 Qe7 28. b3 Nd7 29. Nxc7 Qe3+ 30. Qf2 Qxf2+ 31. Rxf2 Rd8 32. Nb5 Kg7 33. Nxd6 Nc5 34. Nf5+ Kg6 35. Nd4 Re8 36. Re2 Ne4 37. Ne6 f5 38. g4 Rc8 39. Nd4 Kf6 40. Nxf5 Nc3 41. Re3 Nxa2 42. h4 Rc7 43. Re6+ Kf7 44. Nd6+ Kg8 45. Re8+ Kg7 46. Re2 Nc3 47. Rc2 Nxd5 48. Ne8+ Kf7 49. Nxc7 Nxc7 50. Re2 a5 1-0

[Event "EU-chT Seniors"]
[Site "Vienna"]
[Date "2015.07.14"]
[Round "3.7"]
[White "Pruefer, Friedbert"]
[Black "Lindner, Jan Joost"]
[Result "1/2-1/2"]
[WhiteElo "2224"]
[BlackElo "2078"]
[PlyCount "42"]
[EventDate "2015.07.12"]
[EventType "team-swiss"]
[EventRounds "9"]
[EventCountry "AUT"]
[SourceTitle "EXT 2018"]
[Source "ChessBase"]
[SourceDate "2017.10.13"]
[SourceVersion "1"]
[SourceVersionDate "2017.10.13"]
[SourceQuality "1"]
[WhiteTeam "Leipzig Schachfreunde"]
[BlackTeam "Oranje"]
[WhiteTeamCountry "GER"]
[BlackTeamCountry "NED"]

1. d4 e6 2. g3 f5 3. Bg2 Nf6 4. Nf3 Be7 5. 0-0 0-0 6. c4 d6 7. Nc3 Qe8 8. Re1 Ne4 9. Qc2 Qg6 10. b4 Bf6 11. Bb2 Nc6 12. b5 Nxd4 13. Nxd4 Bxd4 14. Nxe4 Bxb2 15. Qxb2 fxe4 16. Qd4 e5 17. Qxe4 Qxe4 18. Bxe4 Rb8 19. Red1 Be6 20. Bd5 Kf7 21. Rd3 a5 1/2-1/2

[Event "EU-chT Seniors"]
[Site "Vienna"]
[Date "2015.07.12"]
[Round "1.17"]
[White "Lindner, Jan Joost"]
[Black "Rantanen, Veikko J"]
[Result "1/2-1/2"]
[WhiteElo "2078"]
[BlackElo "1957"]
[PlyCount "39"]
[EventDate "2015.07.12"]
[EventType "team-swiss"]
[EventRounds "9"]
[EventCountry "AUT"]
[SourceTitle "EXT 2018"]
[Source "ChessBase"]
[SourceDate "2017.10.13"]
[SourceVersion "1"]
[SourceVersionDate "2017.10.13"]
[SourceQuality "1"]
[WhiteTeam "Oranje"]
[BlackTeam "Turku"]
[WhiteTeamCountry "NED"]
[BlackTeamCountry "FIN"]

1. f4 d5 2. Nf3 Nf6 3. e3 g6 4. Be2 Bg7 5. 0-0 0-0 6. d3 c5 7. Nc3 Nc6 8. e4 dxe4 9. dxe4 Nd4 10. e5 Nxe2+ 11. Qxe2 Nd5 12. Nxd5 Qxd5 13. Rd1 Qc6 14. h3 b6 15. Bd2 Bf5 16. Be1 Qa4 17. c4 Rad8 18. b3 Qc6 19. Bh4 Qc7 20. Rxd8 1/2-1/2

[Event "WchT Seniors 65"]
[Site "Vilnius"]
[Date "2014.07.20"]
[Round "8.5"]
[White "Lindner, Jan Joost"]
[Black "Mishuchkov, Nikolai Mikhailovic"]
[Result "0-1"]
[WhiteElo "2140"]
[BlackElo "2318"]
[PlyCount "46"]
[EventDate "2014.07.13"]
[EventType "team-swiss"]
[EventRounds "9"]
[EventCountry "LTU"]
[SourceTitle "CBM 161 Extra"]
[Source "ChessBase"]
[SourceDate "2014.08.29"]
[SourceVersion "1"]
[SourceVersionDate "2014.08.29"]
[SourceQuality "1"]
[WhiteTeam "Netherlands"]
[BlackTeam "St Petersburg"]
[WhiteTeamCountry "NED"]
[BlackTeamCountry "RUS"]

1. f4 d5 2. Nf3 Nf6 3. e3 Bg4 4. Be2 Bxf3 5. Bxf3 c6 6. 0-0 Nbd7 7. d3 e5 8. e4 dxe4 9. dxe4 Bc5+ 10. Kh1 Qe7 11. f5 g6 12. fxg6 hxg6 13. Bg5 Nxe4 14. Bxe4 Qxg5 15. Qf3 f5 16. Nc3 fxe4 17. Nxe4 Qf4 18. Qxf4 exf4 19. Nxc5 Nxc5 20. Rae1+ Kd7 21. Rxf4 Raf8 22. Rd4+ Kc8 23. h3 Re8 0-1

[Event "WchT Seniors 65"]
[Site "Vilnius"]
[Date "2014.07.14"]
[Round "2.3"]
[White "Ager, Josef"]
[Black "Lindner, Jan Joost"]
[Result "0-1"]
[WhiteElo "2150"]
[BlackElo "2140"]
[PlyCount "81"]
[EventDate "2014.07.13"]
[EventType "team-swiss"]
[EventRounds "9"]
[EventCountry "LTU"]
[SourceTitle "CBM 161 Extra"]
[Source "ChessBase"]
[SourceDate "2014.08.29"]
[SourceVersion "1"]
[SourceVersionDate "2014.08.29"]
[SourceQuality "1"]
[WhiteTeam "Austria"]
[BlackTeam "Netherlands"]
[WhiteTeamCountry "AUT"]
[BlackTeamCountry "NED"]

1. b3 Nf6 2. Bb2 e6 3. Nf3 d5 4. g3 b5 5. d4 Bb7 6. Bg2 c5 7. dxc5 Bxc5 8. 0-0 0-0 9. Ne5 Nbd7 10. Nd3 Be7 11. Nd2 Qc7 12. Nf3 Ne4 13. Nd4 b4 14. a3 a5 15. a4 Rac8 16. Rc1 Ba6 17. Kh1 Bf6 18. e3 Nc3 19. Bxc3 Qxc3 20. Ne2 Qc7 21. Nef4 g6 22. h4 Ne5 23. Rg1 Qd6 24. Bf1 Rc7 25. Nxe5 Bxe5 26. Bxa6 Qxa6 27. Nd3 Bg7 28. Re1 Rfc8 29. Re2 Rc3 30. Ne1 Qc6 31. Rb1 Qc7 32. Rd2 Qe5 33. Qf3 R3c7 34. Kg2 Qd6 35. Rbd1 f5 36. g4 Re8 37. gxf5 gxf5 38. e4 fxe4 39. Qxe4 Qc6 40. Qg4 Kh8 41. Nf3 0-1

[Event "WchT Seniors 65"]
[Site "Vilnius"]
[Date "2014.07.13"]
[Round "1.4"]
[White "Lindner, Jan Joost"]
[Black "Petraitis, Gintautas"]
[Result "0-1"]
[WhiteElo "2140"]
[BlackElo "1898"]
[PlyCount "79"]
[EventDate "2014.07.13"]
[EventType "team-swiss"]
[EventRounds "9"]
[EventCountry "LTU"]
[SourceTitle "CBM 161 Extra"]
[Source "ChessBase"]
[SourceDate "2014.08.29"]
[SourceVersion "1"]
[SourceVersionDate "2014.08.29"]
[SourceQuality "1"]
[WhiteTeam "Netherlands"]
[BlackTeam "Lithuania"]
[WhiteTeamCountry "NED"]
[BlackTeamCountry "LTU"]

1. f4 e5 2. fxe5 d6 3. Nf3 dxe5 4. e4 Bc5 5. c3 Qe7 6. d3 Nc6 7. Nbd2 Nf6 8. Nb3 Bb6 9. Bg5 0-0 10. Qc2 Bg4 11. Be2 h6 12. Bh4 Be3 13. Rf1 Qe6 14. h3 Bh5 15. g4 Bg6 16. Bg3 a5 17. Nh4 a4 18. Nd2 h5 19. Nf5 hxg4 20. hxg4 Bxd2+ 21. Qxd2 Rfd8 22. Qe3 Re8 23. g5 Nd7 24. Bg4 Bxf5 25. exf5 Qd5 26. f6 Nc5 27. Be2 e4 28. d4 Nd3+ 29. Kd2 Na5 30. Kc2 Nc4 31. Qg1 Qxg5 32. Bf4 Qxf6 33. Be5 Qh6 34. Rad1 Ne3+ 35. Kb1 Nxd1 36. Bxd3 Nxc3+ 37. bxc3 exd3 38. Rf6 Qh7 39. Rf2 Ra6 40. Rg2 0-1

[Event "EU-chT Seniors 15th"]
[Site "Dresden"]
[Date "2013.07.23"]
[Round "4"]
[White "Lindner, Jan Joost"]
[Black "Ofstad, Per"]
[Result "1-0"]
[WhiteElo "2157"]
[BlackElo "2173"]
[PlyCount "64"]
[EventDate "2013.07.20"]
[EventType "team-swiss"]
[EventRounds "9"]
[EventCountry "GER"]
[SourceTitle "CBM 155 Extra"]
[Source "ChessBase"]
[SourceDate "2013.08.26"]
[SourceVersion "1"]
[SourceVersionDate "2013.08.26"]
[SourceQuality "1"]
[WhiteTeam "VAS"]
[BlackTeam "Norway"]
[WhiteTeamCountry "NED"]
[BlackTeamCountry "NOR"]

1. f4 d5 2. Nf3 Nf6 3. e3 Bg4 4. Be2 Bxf3 5. Bxf3 e6 6. 0-0 c6 7. d3 Nbd7 8. e4 dxe4 9. dxe4 e5 10. Qe1 Qb6+ 11. Kh1 h5 12. Nd2 0-0-0 13. Nc4 Qd4 14. Qe2 b5 15. Na5 Qb6 16. Nb3 Qc7 17. a4 b4 18. f5 Be7 19. Be3 Ng4 20. Bxg4 hxg4 21. Qa6+ Qb7 22. Qc4 c5 23. a5 a6 24. Rfd1 g3 25. h3 Rh4 26. Rd5 Nf6 27. Nxc5 Rxd5 28. Nxb7+ Kxb7 29. Bb6 Rd2 30. Re1 Nd5 31. Bc5 Bd8 32. Rd1 Nf6 1-0

[Event "EU-chT Seniors 15th"]
[Site "Dresden"]
[Date "2013.07.20"]
[Round "1"]
[White "Neudel, Bernd"]
[Black "Lindner, Jan Joost"]
[Result "0-1"]
[WhiteElo "1887"]
[BlackElo "2157"]
[PlyCount "54"]
[EventDate "2013.07.20"]
[EventType "team-swiss"]
[EventRounds "9"]
[EventCountry "GER"]
[SourceTitle "CBM 155 Extra"]
[Source "ChessBase"]
[SourceDate "2013.08.26"]
[SourceVersion "1"]
[SourceVersionDate "2013.08.26"]
[SourceQuality "1"]
[WhiteTeam "BSW/DBAG II"]
[BlackTeam "VAS"]
[WhiteTeamCountry "GER"]
[BlackTeamCountry "NED"]

1. c4 f5 2. g3 Nf6 3. Bg2 e5 4. Nc3 Be7 5. d3 0-0 6. e3 d6 7. Nge2 Qe8 8. 0-0 c6 9. b3 Na6 10. Bb2 Qh5 11. f3 g5 12. Qe1 Nc5 13. Rd1 Ne6 14. Rd2 Bd7 15. Nd1 Rae8 16. Nf2 Qg6 17. d4 f4 18. e4 fxg3 19. hxg3 exd4 20. Nxd4 Nxd4 21. Nd3 d5 22. cxd5 Bb4 23. dxc6 Bxc6 24. Qe3 g4 25. f4 Bxd2 26. Qxd2 Nxe4 27. Bxe4 Qxe4 0-1

[Event "EU-chT Seniors"]
[Site "Rogaska Slatina"]
[Date "2012.04.02"]
[Round "7.12"]
[White "Preuss, Flemming"]
[Black "Lindner, Jan Joost"]
[Result "1/2-1/2"]
[WhiteElo "1993"]
[BlackElo "2150"]
[PlyCount "26"]
[EventDate "2012.03.27"]
[EventType "team-swiss"]
[EventRounds "9"]
[EventCountry "SLO"]
[SourceTitle "CBM 147 Extra"]
[Source "ChessBase"]
[SourceDate "2012.04.24"]
[SourceVersion "1"]
[SourceVersionDate "2012.04.24"]
[SourceQuality "1"]
[WhiteTeam "Denmark (Seniors) II"]
[BlackTeam "Discendo Discimus (Seniors)"]
[WhiteTeamCountry "DEN"]
[BlackTeamCountry "NED"]

1. e4 e6 2. d4 d5 3. Nc3 Bb4 4. e5 Qd7 5. a4 b6 6. Bd2 Ba6 7. Bxa6 Nxa6 8. Qe2 Nb8 9. Nf3 Ne7 10. 0-0 h6 11. Nb5 Bxd2 12. Qxd2 a6 13. Nc3 Nbc6 1/2-1/2

[Event "Hessen-ch Seniors op 07th"]
[Site "Bad Sooden-Allendorf"]
[Date "2011.05.07"]
[Round "8"]
[White "Hobusch, Werner"]
[Black "Lindner, Jan Joost"]
[Result "1/2-1/2"]
[WhiteElo "1995"]
[BlackElo "2054"]
[PlyCount "34"]
[EventDate "2011.04.30"]
[EventType "swiss"]
[EventRounds "9"]
[EventCountry "GER"]
[SourceTitle "EXT 2012"]
[Source "ChessBase"]
[SourceDate "2011.11.24"]
[SourceVersion "1"]
[SourceVersionDate "2011.11.24"]
[SourceQuality "1"]

1. e4 e6 2. d4 d5 3. Nc3 Bb4 4. e5 b6 5. Qg4 Bf8 6. Bg5 Qd7 7. Bb5 c6 8. Bd3 Ba6 9. Bxa6 Nxa6 10. Qe2 Nb8 11. Nd1 h6 12. Bd2 Ne7 13. c3 c5 14. f4 Nbc6 15. Nf3 h5 16. Ne3 c4 17. Nh4 g6 1/2-1/2

[Event "Hessen-ch Seniors op 07th"]
[Site "Bad Sooden-Allendorf"]
[Date "2011.05.03"]
[Round "4"]
[White "Busic, Nedjeljko"]
[Black "Lindner, Jan Joost"]
[Result "1/2-1/2"]
[WhiteElo "1853"]
[BlackElo "2054"]
[PlyCount "59"]
[EventDate "2011.04.30"]
[EventType "swiss"]
[EventRounds "9"]
[EventCountry "GER"]
[SourceTitle "EXT 2012"]
[Source "ChessBase"]
[SourceDate "2011.11.24"]
[SourceVersion "1"]
[SourceVersionDate "2011.11.24"]
[SourceQuality "1"]

1. e4 e6 2. d4 d5 3. Nc3 Bb4 4. e5 b6 5. Qg4 Bf8 6. f4 Qd7 7. Nf3 Nh6 8. Qh3 c5 9. Bd3 Ba6 10. 0-0 Bxd3 11. cxd3 Nf5 12. g4 Nxd4 13. Nxd4 cxd4 14. Ne2 Nc6 15. a3 0-0-0 16. Bd2 Kb7 17. b4 Rc8 18. Rfc1 Be7 19. Qg3 f6 20. Kg2 h5 21. b5 Nb8 22. Rxc8 Qxc8 23. Nxd4 h4 24. Qf3 Rf8 25. Qe2 Bc5 26. Bb4 h3+ 27. Kh1 Qe8 28. Bxc5 bxc5 29. Nb3 Nd7 30. Kg1 1/2-1/2

[Event "EU-chT Seniors 12th"]
[Site "Dresden"]
[Date "2010.02.12"]
[Round "3"]
[White "Juergens, Peter1"]
[Black "Lindner, Jan Joost"]
[Result "1/2-1/2"]
[WhiteElo "2014"]
[BlackElo "2174"]
[PlyCount "26"]
[EventDate "2010.02.10"]
[EventType "team-swiss"]
[EventRounds "9"]
[EventCountry "GER"]
[SourceTitle "CBM 134 Extra"]
[Source "ChessBase"]
[SourceDate "2010.03.03"]
[SourceVersion "1"]
[SourceVersionDate "2010.03.03"]
[SourceQuality "1"]
[WhiteTeam "Niedersachsen (Seniors)"]
[BlackTeam "Den Haag (Seniors)"]
[WhiteTeamCountry "GER"]
[BlackTeamCountry "NED"]

1. d4 e6 2. e4 d5 3. exd5 exd5 4. Nf3 Bd6 5. c4 c6 6. Nc3 Ne7 7. Bd3 0-0 8. 0-0 Bg4 9. Bxh7+ Kh8 10. Bd3 dxc4 11. Bxc4 Nd7 12. Ne4 Nb6 13. Be2 Nf5 1/2-1/2

[Event "EU-chT Seniors 11th"]
[Site "Velden"]
[Date "2009.04.08"]
[Round "4"]
[White "Lieb, Harald"]
[Black "Lindner, Jan Joost"]
[Result "0-1"]
[WhiteElo "2247"]
[BlackElo "2165"]
[PlyCount "117"]
[EventDate "2009.04.05"]
[EventType "team-swiss"]
[EventRounds "9"]
[EventCountry "AUT"]
[SourceTitle "CBM 129 Extra"]
[Source "ChessBase"]
[SourceDate "2009.05.05"]
[SourceVersion "2"]
[SourceVersionDate "2009.05.20"]
[SourceQuality "1"]

1. d4 e6 2. c4 Bb4+ 3. Bd2 Qe7 4. Nc3 Nf6 5. Qc2 Nc6 6. Nf3 d6 7. a3 Bxc3 8. Bxc3 0-0 9. e3 a5 10. Be2 e5 11. d5 Nb8 12. b4 axb4 13. axb4 Rxa1+ 14. Bxa1 Bg4 15. h3 Bxf3 16. gxf3 Nbd7 17. Bc3 Ra8 18. Kd2 b5 19. Ra1 Rxa1 20. Bxa1 Nb6 21. e4 bxc4 22. Bxc4 Qd7 23. Bf1 Nh5 24. Qc6 Nf4 25. Bc3 g6 26. b5 Qc8 27. Ba5 Qb8 28. Kc2 Qa7 29. Qc3 Na4 30. Qd2 h5 31. h4 Kf8 32. Kb1 Ke7 33. Bc4 Qc5 34. Bf1 Qa7 35. Bb4 Nb6 36. Qc3 Kd8 37. Qa3 Qxa3 38. Bxa3 f6 39. Bc1 g5 40. Kc2 Nd7 41. Kc3 gxh4 42. Bxf4 exf4 43. Kd2 Ne5 44. Ke2 Kc8 45. Bg2 Kb7 46. Kf1 Nf7 47. Bh3 Ng5 48. Kg2 Kb6 49. Bd7 Kc5 50. Be8 h3+ 51. Kh1 h4 52. Bd7 Kc4 53. Kh2 Kd3 54. Bxh3 Ke2 55. Bg4 Kxf2 56. Bh5 Nxf3+ 57. Kh3 Ke3 58. Bg6 Ne5 59. Kxh4 0-1

[Event "EU-chT Seniors 11th"]
[Site "Velden"]
[Date "2009.04.06"]
[Round "2"]
[White "Buxade Roca, Guillermo"]
[Black "Lindner, Jan Joost"]
[Result "1-0"]
[WhiteElo "2239"]
[BlackElo "2165"]
[PlyCount "20"]
[EventDate "2009.04.05"]
[EventType "team-swiss"]
[EventRounds "9"]
[EventCountry "AUT"]
[SourceTitle "CBM 129 Extra"]
[Source "ChessBase"]
[SourceDate "2009.05.05"]
[SourceVersion "2"]
[SourceVersionDate "2009.05.20"]
[SourceQuality "1"]

1. e4 e6 2. d3 b5 3. Nf3 Bb7 4. g3 c5 5. Bg2 Nf6 6. 0-0 Be7 7. a4 a6 8. Re1 d5 9. exd5 Nxd5 10. Ne5 Nc6 1-0

[Event "EU-chT Seniors 11th"]
[Site "Velden"]
[Date "2009.04.05"]
[Round "1"]
[White "Lindner, Jan Joost"]
[Black "Bue, Gunnar"]
[Result "1-0"]
[WhiteElo "2165"]
[BlackElo "1817"]
[PlyCount "49"]
[EventDate "2009.04.05"]
[EventType "team-swiss"]
[EventRounds "9"]
[EventCountry "AUT"]
[SourceTitle "CBM 129 Extra"]
[Source "ChessBase"]
[SourceDate "2009.05.05"]
[SourceVersion "2"]
[SourceVersionDate "2009.05.20"]
[SourceQuality "1"]

1. f4 c5 2. Nf3 Nc6 3. e3 e6 4. Be2 Be7 5. 0-0 Nf6 6. d3 d5 7. Qe1 0-0 8. Nc3 a6 9. e4 d4 10. Nd1 b5 11. Nf2 Bb7 12. g4 h5 13. g5 Ng4 14. Nxg4 hxg4 15. Nh4 f5 16. Ng6 Kf7 17. Nxf8 Qxf8 18. Rf2 g6 19. Bf1 Qh8 20. Re2 Re8 21. Bg2 Nd8 22. Bd2 Bd6 23. Qf2 fxe4 24. dxe4 d3 25. Bc3 1-0

[Event "EU-chT Seniors 10th"]
[Site "Dresden"]
[Date "2008.02.13"]
[Round "3.3"]
[White "Pitt, Wolfgang"]
[Black "Lindner, Jan Joost"]
[Result "0-1"]
[WhiteElo "2050"]
[BlackElo "2101"]
[PlyCount "100"]
[EventDate "2008.02.11"]
[EventType "team-swiss"]
[EventRounds "9"]
[EventCountry "GER"]
[SourceTitle "CBM 122 Extra"]
[Source "ChessBase"]
[SourceDate "2008.03.04"]
[SourceVersion "1"]
[SourceVersionDate "2008.03.04"]
[SourceQuality "1"]
[WhiteTeam "Berlin BSW"]
[BlackTeam "Den Haag"]
[WhiteTeamCountry "GER"]
[BlackTeamCountry "NED"]

1. Nf3 e6 2. g3 f5 3. Bg2 Nf6 4. 0-0 Be7 5. d3 0-0 6. Nbd2 Nc6 7. e4 fxe4 8. dxe4 e5 9. c3 d6 10. Ng5 Qe8 11. Qb3+ Kh8 12. Qc2 Qh5 13. Ngf3 Bg4 14. h4 Nd7 15. Nh2 Be2 16. Re1 Nc5 17. Nb3 Bd3 18. Qd2 Bc4 19. Nxc5 dxc5 20. Qd1 Qf7 21. Qf3 Qe6 22. Qg4 Bxa2 23. Qxe6 Bxe6 24. Be3 b6 25. Bf1 Na5 26. Rad1 Bb3 27. Rd2 Nc4 28. Bxc4 Bxc4 29. Kg2 h6 30. f4 exf4 31. Bxf4 Rad8 32. Red1 Rxd2+ 33. Rxd2 Bxh4 34. Bxc7 Bg5 35. Rd1 Kg8 36. Bd6 Rf7 37. Re1 Rd7 38. e5 Bd5+ 39. Kg1 h5 40. Nf1 Kf7 41. Ne3 Bb3 42. Ng2 Ke6 43. Rf1 Rf7 44. Rxf7 Kxf7 45. Bb8 a6 46. Bc7 Bc1 47. Bxb6 Bxb2 48. Bxc5 Bxc3 49. Bd6 g5 50. Kf2 Ke6 0-1

[Event "EU-chT Seniors 10th"]
[Site "Dresden"]
[Date "2008.02.12"]
[Round "2.3"]
[White "Lindner, Jan Joost"]
[Black "Zunker, Reinhard"]
[Result "1/2-1/2"]
[WhiteElo "2101"]
[BlackElo "2251"]
[PlyCount "95"]
[EventDate "2008.02.11"]
[EventType "team-swiss"]
[EventRounds "9"]
[EventCountry "GER"]
[SourceTitle "CBM 122 Extra"]
[Source "ChessBase"]
[SourceDate "2008.03.04"]
[SourceVersion "1"]
[SourceVersionDate "2008.03.04"]
[SourceQuality "1"]
[WhiteTeam "Den Haag"]
[BlackTeam "Hessen"]
[WhiteTeamCountry "NED"]
[BlackTeamCountry "GER"]

1. f4 d6 2. Nf3 Nf6 3. Nc3 a6 4. e4 b5 5. a3 g6 6. d4 Bb7 7. Bd3 e6 8. 0-0 d5 9. e5 Nfd7 10. Ne2 c5 11. c3 Nc6 12. Be3 Be7 13. g4 c4 14. Bc2 Qb6 15. Qd2 h5 16. f5 hxg4 17. fxe6 gxf3 18. exd7+ Kxd7 19. Nf4 Nd8 20. Rxf3 Ne6 21. Nxe6 Qxe6 22. Raf1 Raf8 23. Bh6 Ke8 24. Bxf8 Rxf8 25. Bd1 Bc8 26. Rg3 Qc6 27. Bg4 Be6 28. Bxe6 Qxe6 29. Qg2 Rh8 30. Rgf3 Rh7 31. Rf6 Bxf6 32. Rxf6 Qh3 33. Qxh3 Rxh3 34. Rxa6 Rd3 35. Rd6 Rd2 36. Rxd5 Rxb2 37. Rc5 Rb3 38. Kf2 Rxc3 39. Rxb5 Rxa3 40. Rc5 Rc3 41. Ke2 Kd7 42. d5 Rd3 43. h3 Rd4 44. Ke3 Rh4 45. Rc6 Rxh3+ 46. Kd4 Rh4+ 47. Ke3 Rh5 48. Kd4 1/2-1/2

[Event "EU-chT Seniors 09th"]
[Site "Dresden"]
[Date "2007.02.22"]
[Round "7"]
[White "Villing, Dieter"]
[Black "Lindner, Jan Joost"]
[Result "1/2-1/2"]
[WhiteElo "2174"]
[BlackElo "2077"]
[PlyCount "20"]
[EventDate "2007.02.16"]
[EventType "team-swiss"]
[EventRounds "9"]
[EventCountry "GER"]
[SourceTitle "CBM 117 Extra"]
[Source "ChessBase"]
[SourceDate "2007.05.09"]
[SourceVersion "1"]
[SourceVersionDate "2007.05.09"]
[SourceQuality "1"]

1. e4 e6 2. d3 b5 3. g3 Bb7 4. Bg2 Nf6 5. Nd2 c5 6. Ngf3 d5 7. 0-0 Be7 8. Re1 Nc6 9. a3 h6 10. Qe2 a6 1/2-1/2

[Event "EU-chT Seniors 09th"]
[Site "Dresden"]
[Date "2007.02.20"]
[Round "5"]
[White "Lindner, Jan Joost"]
[Black "Kuettner, Uwe"]
[Result "1/2-1/2"]
[WhiteElo "2077"]
[BlackElo "2348"]
[PlyCount "31"]
[EventDate "2007.02.16"]
[EventType "team-swiss"]
[EventRounds "9"]
[EventCountry "GER"]
[SourceTitle "CBM 117 Extra"]
[Source "ChessBase"]
[SourceDate "2007.05.09"]
[SourceVersion "1"]
[SourceVersionDate "2007.05.09"]
[SourceQuality "1"]

1. b4 d5 2. Bb2 Nf6 3. e3 e6 4. b5 Bd6 5. Nf3 0-0 6. c4 a6 7. a4 axb5 8. axb5 Rxa1 9. Bxa1 Nbd7 10. Be2 c5 11. d3 e5 12. cxd5 Nxd5 13. Nbd2 Re8 14. 0-0 Kh8 15. Ne4 Bc7 16. Nfd2 1/2-1/2

[Event "EU-chT Seniors 09th"]
[Site "Dresden"]
[Date "2007.02.17"]
[Round "2"]
[White "Wicklund Hansen, Richard"]
[Black "Lindner, Jan Joost"]
[Result "0-1"]
[WhiteElo "1968"]
[BlackElo "2077"]
[PlyCount "42"]
[EventDate "2007.02.16"]
[EventType "team-swiss"]
[EventRounds "9"]
[EventCountry "GER"]
[SourceTitle "CBM 117 Extra"]
[Source "ChessBase"]
[SourceDate "2007.05.09"]
[SourceVersion "1"]
[SourceVersionDate "2007.05.09"]
[SourceQuality "1"]

1. g3 e6 2. Nf3 f5 3. d4 Nf6 4. Bg2 Be7 5. 0-0 0-0 6. c4 d6 7. Nc3 Qe8 8. Re1 Qh5 9. e4 fxe4 10. Nxe4 Nxe4 11. Rxe4 Nc6 12. Bf4 Bf6 13. Ng5 Qg6 14. Nxe6 Bxe6 15. Rxe6 Nxd4 16. Be4 Qf7 17. Bd5 Nxe6 18. Qe2 Rae8 19. Re1 Kh8 20. Bxe6 Qg6 21. Qd2 Bxb2 0-1